Benguela : predicting a large marine ecosystem (Record no. 113978)

MARC details
000 -LEADER
fixed length control field 01011nam a2200265Ia 4500
008 - FIXED-LENGTH DATA ELEMENTS--GENERAL INFORMATION
fixed length control field 191130s2006##################000#0#eng##
020 ## - INTERNATIONAL STANDARD BOOK NUMBER
ISBN 9780444527592
082 ## - DEWEY DECIMAL CLASSIFICATION NUMBER
Classification number 577.73 SHA
245 ## - TITLE STATEMENT
Title Benguela : predicting a large marine ecosystem
Statement of responsibility, etc edited by Vere Shannon ... [et al.]
250 ## - EDITION STATEMENT
Edition statement 1st ed
260 ## - PUBLICATION, DISTRIBUTION, ETC. (IMPRINT)
Place of publication Amsterdam
Name of publisher Elsevier
Year of publication 2006
300 ## - PHYSICAL DESCRIPTION
Number of Pages xxv, 410 p. : ill. (some col.), maps
500 ## - GENERAL NOTE
General note Includes index
650 ## - SUBJECT ADDED ENTRY--TOPICAL TERM
Topical Term Atlantic Coast (Namibia) -- Environmental conditions -- Forecasting
Topical Term Atlantic Coast (South Africa) -- Environmental conditions -- Forecasting
Topical Term Marine ecological regions -- Namibia -- Atlantic Coast
Topical Term Marine ecological regions -- South Africa -- Atlantic Coast
Topical Term Ocean currents -- Namibia -- Atlantic Coast
Topical Term Ocean currents -- South Africa -- Atlantic Coast
700 ## - ADDED ENTRY--PERSONAL NAME
Personal name Shannon, Vere
991 ## -
-- 251044
Holdings
Withdrawn status Lost status Damaged status Not for loan Home library Current library Shelving location Date acquired Full call number Accession Number Price effective from Koha item type
        Anna Centenary Library Anna Centenary Library 5TH FLOOR, A WING 12.10.2020 577.73 SHA 291764 12.10.2020 English Books

Find us on the map